General Knowledge #531 - Statistics

General Stats
  • This quiz has been taken 15 times
  • The average score is 3 of 15
Answer Stats
questions Answer % Correct
What is the 27th letter of the alphabet ?
100%
A 2|II
38%
What is the most common middle name for men named Carter in the USA? John
38%
What is slope formula? y=mx+b
38%
What is the French word for cheese? Fromage
31%
What is the lowest rated reality Tv show? Survivor
15%
What is the most common talent? Whistling
15%
What is a common woodwind instrument? French horn|digeridoo|sarrusophone|ophicleide|duduk
8%
How many numbers are on a clock? Hopefully none
8%
Speaker of the house? Jbl
8%
What is the most popular Ice-Cream flavor? Mint Chocholate Chip
8%
How much water do you need to drink in a day, on average? none
8%
Top grossing music genre of all time? Phonk
8%
What is the state bird of Wisconsin? Pigeon
8%
What time do you go to the dentist? Whatever time your appointment is
8%
No matching quizzes found
Score Distribution
Percent of People with Each Score
Percentile by Number Answered
Your Score History
You have not taken this quiz